00433nam a2200121Ia 4500008004100000082001000041100004500051245004000096260008700136300000800223630004000231730004000271100204s9999 xx 000 0 und d b20237 aमाडगूळकर ग. दि. aसोने आणि माती b"पंडित अनंत कुलकर्णी , पुणे"c1997 2 a128 aसोने आणि माती aसोने आणि माती